| 000 | 01035nam a2200229Ia 4500 | ||
|---|---|---|---|
| 003 | Ost | ||
| 005 | 20260507075130.0 | ||
| 008 | 260507s9999||||xx |||||||||||||| ||und|| | ||
| 020 | _a4238328977 | ||
| 040 | _cfsecg | ||
| 041 | _aara | ||
| 082 | _a330 | ||
| 100 |
_aأبو الوفا، أبو الوفا محمد _eمؤلف |
||
| 245 | 0 |
_aجريمة الإدعاء بتزوير شيك في ضوء قانون التجارة الجديد : _bدراسة مقارنة بالفقه الإسلامي / _c أبو الوفا محمد أبو الوفا |
|
| 260 |
_aالإسكندرية: _bدار الجامعة الجديدة, _c2007 |
||
| 300 |
_a156 صفحة؛ _bإيضاحات ؛ _c24 سم |
||
| 520 | _aأساس تجريم الإدعاء بتزوير شيك- الإدعاء يتزوير شيك- سوء نية مدعي التزويد- صدور حكم نهائي بصحة الشيك- العقوبة. | ||
| 653 | _aالتزوير | ||
| 653 | _aالقانون التجاري | ||
| 653 | _aجرائم الاموال | ||
| 942 | _cكتاب | ||
| 999 |
_c43205 _d43205 |
||